El Estado y las políticas agrarias en América Latina

Furkejuvvon:
Bibliográfalaš dieđut
Váldodahkki: Chiriboga, Manuel
Searvvušdahkki: FLACSO
Materiálatiipa: Texto
Almmustuhtton: Quito: FLACSO
Fáddágilkorat: Lasit fáddágilkoriid
Eai fáddágilkorat, Lasit vuosttaš fáddágilkora!

MARC

LEADER 00000 a a2200000 04500
001 24419
003
040
090 |a 175200  
100 |a Chiriboga, Manuel  
110 |a FLACSO  
245 |a El Estado y las políticas agrarias en América Latina  
260 |a Quito:   |b FLACSO  
300 |a 38 p  
999 |c 7427  |d 7427